000
00246nam a2200097Ia 4500
001
760719
005
20250826165153.0
008
250824s9999 xx 000 0 und d
245
0
_a
BENİM YOLUM
_c
Yazar Adı Belirtilmemiş
260
_b
MARTI YAYINLARI
999
_c
760719
_d
760719